Ritmo lento

Furkejuvvon:
Bibliográfalaš dieđut
Váldodahkki: Martín Gaite, Carmen (autora)
Materiálatiipa: Girji
Giella:espánnjágiella
Almmustuhtton: Barcelona Bruguera 1981
Preanttus:1a. ed
Fáttát:
Fáddágilkorat: Lasit fáddágilkoriid
Eai fáddágilkorat, Lasit vuosttaš fáddágilkora!

MARC

LEADER 00000nam a2200000 a 4500
001 UCK8912
003 CL-VaPUC
008 060407e19810000SP |||||||||||||||||spa|d
020 |a 8402076963 
082 0 4 |a 860  |b MAR  |2 21 
100 |a Martín Gaite, Carmen  |e autora  |9 419708 
245 1 0 |a Ritmo lento 
250 |a 1a. ed 
300 |a 315 p 
942 |c BK 
945 |d 20060407 00:00:00  |a jtorresc 
260 |a Barcelona  |b Bruguera  |c 1981 
650 0 |a Literatura española  |9 306261 
650 0 |a Novelas españolas  |9 265052 
583 |a last modification  |c 20060407 00:00:00  |k Rodrigo Vera 
999 |c 316313  |d 316311 
952 |0 0  |1 0  |4 0  |6 860_000000000000000_MAR_1981  |7 0  |8 A  |9 390583  |a BIBEDU  |b BIBEDU  |c ES_NOD  |d 2019-11-22  |i 4216253  |o 860 MAR 1981  |p 4216253  |r 2023-08-09  |w 2019-11-22  |y BK  |k LIT